[Event "HUN-chT U18"]
[Site "Miskolc"]
[Date "2011.11.03"]
[Round "2.2"]
[White "Bea, Boglarka"]
[Black "Pregun, Balint"]
[Result "1/2-1/2"]
[WhiteElo "2116"]
[BlackElo "1929"]
[PlyCount "138"]
[EventDate "2011.11.02"]
[EventType "team-swiss"]
[EventRounds "8"]
[EventCountry "HUN"]
[SourceTitle "EXT 2012"]
[Source "ChessBase"]
[SourceDate "2011.11.24"]
[SourceVersion "1"]
[SourceVersionDate "2011.11.24"]
[SourceQuality "1"]
[WhiteTeam "Penzugyor"]
[BlackTeam "Geniusz Tata"]
[WhiteTeamCountry "HUN"]
[BlackTeamCountry "HUN"]

1. e4 e5 2. Nf3 Nc6 3. Bb5 a6 4. Ba4 Nf6 5. 0-0 Be7 6. Re1 b5 7. Bb3 d6 8. c3 0-0 9. d4 Bg4 10. Be3 exd4 11. cxd4 Na5 12. Bc2 c5 13. Nbd2 cxd4 14. Bxd4 Nc6 15. Be3 d5 16. h3 Bh5 17. exd5 Nxd5 18. Be4 Nxe3 19. Rxe3 Rc8 20. Rc1 Bg5 21. Rd3 Bxf3 22. Nxf3 Nd4 23. Rxc8 Nxf3+ 24. Qxf3 Qxc8 25. Rc3 Qd7 26. Rc6 a5 27. Rc5 Be7 28. Bc6 Qe6 29. Rxb5 Qxa2 30. Bd5 Qb1+ 31. Kh2 Bb4 32. Rb7 Qg6 33. g3 Bc5 34. Rc7 Bb4 35. Ra7 Qf6 36. Qxf6 gxf6 37. Kg2 Kg7 38. Kf3 Kg6 39. h4 Bd2 40. g4 h6 41. h5+ Kg7 42. Rd7 Bb4 43. Kf4 Bd2+ 44. Kf5 Bb4 45. f3 Be1 46. Ra7 Bb4 47. f4 Bd2 48. Rd7 Bb4 49. Ba2 Bc5 50. Rc7 Bb4 51. Ra7 Bd2 52. Rd7 Bc1 53. Rb7 Bd2 54. Ra7 Bb4 55. Rd7 Be1 56. g5 fxg5 57. fxg5 hxg5 58. Kxg5 Bf2 59. h6+ Kg8 60. Rd3 Bb6 61. Kh5 Kh7 62. Rd7 Kg8 63. Rd6 Be3 64. Rg6+ Kh8 65. Rg7 Rb8 66. Rxf7 Rb5+ 67. Kg6 Rb6+ 68. Rf6 Rxf6+ 69. Kxf6 Bxh6 1/2-1/2

[Event "HUN-chT U18"]
[Site "Miskolc"]
[Date "2011.11.03"]
[Round "3.2"]
[White "Pregun, Balint"]
[Black "Grimm, Daniel"]
[Result "1-0"]
[WhiteElo "1929"]
[BlackElo "2080"]
[PlyCount "81"]
[EventDate "2011.11.02"]
[EventType "team-swiss"]
[EventRounds "8"]
[EventCountry "HUN"]
[SourceTitle "EXT 2012"]
[Source "ChessBase"]
[SourceDate "2011.11.24"]
[SourceVersion "1"]
[SourceVersionDate "2011.11.24"]
[SourceQuality "1"]
[WhiteTeam "Geniusz Tata"]
[BlackTeam "Barcza"]
[WhiteTeamCountry "HUN"]
[BlackTeamCountry "HUN"]

1. e4 c5 2. Nf3 Nc6 3. d4 cxd4 4. Nxd4 Nf6 5. Nc3 e5 6. Ndb5 d6 7. Bg5 a6 8. Na3 b5 9. Nd5 Be7 10. Bxf6 Bxf6 11. c4 b4 12. Nc2 0-0 13. g3 Bg5 14. Bg2 Qa5 15. 0-0 Qc5 16. Qd3 Be6 17. Rad1 Ra7 18. Kh1 Bd8 19. Nde3 Rd7 20. f4 f6 21. b3 Bb6 22. f5 Bf7 23. Rd2 Ra8 24. Qe2 a5 25. Rfd1 Bd8 26. Bf3 a4 27. Bh5 Bc7 28. Bxf7+ Rxf7 29. Nd5 Bb8 30. g4 Qa5 31. g5 fxg5 32. Qh5 Ba7 33. Qxg5 Bc5 34. Rg2 Qd8 35. f6 g6 36. h4 Qd7 37. Kh2 Kf8 38. h5 Ke8 39. hxg6 hxg6 40. Qxg6 Qe6 41. Nc7+ 1-0

[Event "HUN-ch U16"]
[Site "Celldoemoelk"]
[Date "2011.06.27"]
[Round "1"]
[White "Pregun, Balint"]
[Black "Pinczker, Oliver"]
[Result "1-0"]
[WhiteElo "1912"]
[BlackElo "1592"]
[PlyCount "63"]
[EventDate "2011.06.27"]
[EventType "swiss"]
[EventRounds "7"]
[EventCountry "HUN"]
[SourceTitle "EXT 2012"]
[Source "ChessBase"]
[SourceDate "2011.11.24"]
[SourceVersion "1"]
[SourceVersionDate "2011.11.24"]
[SourceQuality "1"]

1. e4 d5 2. exd5 Qxd5 3. Nc3 Qa5 4. d4 c6 5. Nf3 Nf6 6. Be2 Bf5 7. a3 e6 8. Bd2 Nbd7 9. b4 Qc7 10. Bg5 Bd6 11. Bd3 Bxd3 12. Qxd3 0-0 13. 0-0 e5 14. Bxf6 Nxf6 15. Ne4 Nxe4 16. Qxe4 exd4 17. Ng5 g6 18. Qh4 h5 19. g4 Qe7 20. gxh5 f6 21. Nf3 g5 22. Qg4 Bf4 23. Nxd4 Rad8 24. Ne6 Qd7 25. Rad1 Qc8 26. Qf5 Kf7 27. Nxd8+ Rxd8 28. Qh7+ Ke6 29. Rfe1+ Be5 30. Rxe5+ Kxe5 31. Qe7+ Kf4 32. Qxf6+ 1-0

[Event "HUN-chT U18"]
[Site "Miskolc"]
[Date "2010.11.03"]
[Round "3.5"]
[White "Gledura, Benjamin"]
[Black "Pregun, Balint"]
[Result "1/2-1/2"]
[WhiteElo "2180"]
[BlackElo "1877"]
[PlyCount "112"]
[EventDate "2010.11.02"]
[EventType "team-swiss"]
[EventRounds "8"]
[EventCountry "HUN"]
[SourceTitle "EXT 2016"]
[Source "ChessBase"]
[SourceDate "2015.10.08"]
[SourceVersion "1"]
[SourceVersionDate "2015.10.08"]
[SourceQuality "1"]

1. e4 e5 2. Nf3 Nc6 3. d4 exd4 4. Bc4 Nf6 5. 0-0 Nxe4 6. Re1 d5 7. Bxd5 Qxd5 8. Nc3 Qa5 9. Nxe4 Be6 10. Neg5 0-0-0 11. Nxe6 fxe6 12. Rxe6 Bd6 13. Bg5 Rde8 14. Qe1 Qxe1+ 15. Raxe1 Kd7 16. Rxe8 Rxe8 17. Rxe8 Kxe8 18. Kf1 Kd7 19. Ke2 Ke6 20. Kd3 Kd5 21. Nxd4 Nb4+ 22. Kd2 Kxd4 23. c3+ Ke4 24. cxb4 Bxb4+ 25. Ke2 Bd6 26. h3 c5 27. Be3 a6 28. f3+ Kd5 29. Kd3 Be5 30. b3 Bg3 31. Bd2 b5 32. Bc3 g6 33. Ke3 c4 34. f4 cxb3 35. axb3 Bh4 36. g4 Bd8 37. f5 gxf5 38. gxf5 a5 39. Kf4 a4 40. bxa4 bxa4 41. Kg4 Kd6 42. Bb4+ Ke5 43. Bc3+ Kd6 44. Kf4 Ke7 45. Bd2 Kf7 46. Bc1 Be7 47. Kg4 a3 48. Bxa3 Bxa3 49. h4 Bc1 50. h5 Kf6 51. Kh3 Kxf5 52. Kh2 Kg4 53. Kh1 Kxh5 54. Kg2 Kg4 55. Kh1 h5 56. Kg1 h4 1/2-1/2

[Event "HUN-ch U14"]
[Site "Budapest"]
[Date "2010.07.04"]
[Round "9"]
[White "Amstadt, Aron"]
[Black "Pregun, Balint"]
[Result "1-0"]
[WhiteElo "2246"]
[BlackElo "1883"]
[PlyCount "53"]
[EventDate "2010.06.26"]
[EventType "swiss"]
[EventRounds "9"]
[EventCountry "HUN"]
[SourceTitle "CBM 137 Extra"]
[Source "ChessBase"]
[SourceDate "2010.09.01"]
[SourceVersion "1"]
[SourceVersionDate "2010.09.01"]
[SourceQuality "1"]

1. c4 Nf6 2. Nc3 g6 3. e4 d6 4. d4 Bg7 5. Nf3 0-0 6. h3 c5 7. d5 a6 8. a4 e6 9. Bd3 exd5 10. cxd5 b6 11. 0-0 Ne8 12. Bf4 f5 13. e5 dxe5 14. Bxe5 Bb7 15. Re1 Bxe5 16. Rxe5 Nd7 17. Re6 Ng7 18. Re2 Re8 19. Rxe8+ Nxe8 20. Qe2 Ng7 21. Re1 Qe8 22. Qd2 Qf8 23. Qf4 Rc8 24. Bc4 Kh8 25. Ng5 Nh5 26. Qd2 Ng7 27. d6 1-0

[Event "HUN-ch U14"]
[Site "Budapest"]
[Date "2010.07.01"]
[Round "6"]
[White "Zsirai, Andras"]
[Black "Pregun, Balint"]
[Result "0-1"]
[WhiteElo "1718"]
[BlackElo "1883"]
[PlyCount "108"]
[EventDate "2010.06.26"]
[EventType "swiss"]
[EventRounds "9"]
[EventCountry "HUN"]
[SourceTitle "CBM 137 Extra"]
[Source "ChessBase"]
[SourceDate "2010.09.01"]
[SourceVersion "1"]
[SourceVersionDate "2010.09.01"]
[SourceQuality "1"]

1. e4 e5 2. Nf3 Nc6 3. Bb5 a6 4. Bxc6 dxc6 5. d4 exd4 6. Qxd4 Qxd4 7. Nxd4 Nf6 8. f3 Bd7 9. Be3 g6 10. Nd2 Bg7 11. c3 0-0-0 12. 0-0-0 c5 13. Ne2 b6 14. Nf4 Ba4 15. b3 Bc6 16. Kc2 Rhe8 17. Nc4 Ng8 18. Rhe1 Ne7 19. Rd2 Bb5 20. Na3 Bd7 21. Red1 f5 22. exf5 Nxf5 23. Bg1 Bh6 24. g3 Bxf4 25. gxf4 Ne3+ 26. Bxe3 Rxe3 27. Nc4 Bf5+ 28. Kb2 Rxd2+ 29. Nxd2 Re2 30. h4 Rh2 31. h5 Rxh5 32. Ne4 Rh2+ 33. Ka3 Bxe4 34. fxe4 Rf2 35. Rh1 Rxf4 36. Rxh7 Rxe4 37. Kb2 Re2+ 38. Kb1 g5 39. a4 g4 40. Rg7 Rg2 41. Kc1 g3 42. Kd1 Rg1+ 43. Ke2 g2 44. Kf2 Rb1 45. Rxg2 Rxb3 46. Rg8+ Kb7 47. Rg3 Ra3 48. Ke2 Rxa4 49. Kd2 b5 50. Kc2 c4 51. Rg4 Ra2+ 52. Kb1 Rd2 53. Kc1 Rd6 54. Kb2 Kb6 0-1

[Event "HUN-ch U14"]
[Site "Budapest"]
[Date "2010.06.30"]
[Round "5"]
[White "Pregun, Balint"]
[Black "Csonka, Balazs"]
[Result "0-1"]
[WhiteElo "1883"]
[BlackElo "2197"]
[PlyCount "86"]
[EventDate "2010.06.26"]
[EventType "swiss"]
[EventRounds "9"]
[EventCountry "HUN"]
[SourceTitle "CBM 137 Extra"]
[Source "ChessBase"]
[SourceDate "2010.09.01"]
[SourceVersion "1"]
[SourceVersionDate "2010.09.01"]
[SourceQuality "1"]

1. e4 e6 2. d4 d5 3. Nd2 Be7 4. Ngf3 Nf6 5. Bd3 c5 6. e5 Nfd7 7. c3 b6 8. 0-0 Ba6 9. Bxa6 Nxa6 10. Qa4 Nc7 11. dxc5 bxc5 12. Qg4 0-0 13. Qa4 c4 14. Qc2 Nc5 15. b3 cxb3 16. axb3 Nb5 17. Nd4 Qb6 18. Nxb5 Qxb5 19. c4 dxc4 20. bxc4 Qc6 21. Ra3 Nd7 22. Rh3 g6 23. Nf3 Rfc8 24. Qd2 Bf8 25. Ng5 h6 26. Nf3 Qxc4 27. Ba3 Nc5 28. Rxh6 Ne4 29. Qe3 Bxh6 30. Qxh6 Rc7 31. Rc1 Qa4 32. Re1 Qxa3 33. Rxe4 Rc1+ 34. Re1 Rxe1+ 35. Nxe1 Rc8 36. Qd2 Qc1 37. Qe2 Rc2 38. Qe4 Qb1 39. Qa8+ Kg7 40. Kf1 Rc1 41. g3 Rxe1+ 42. Kg2 Rg1+ 43. Kf3 Qd3+ 0-1

[Event "HUN-ch U14"]
[Site "Budapest"]
[Date "2010.06.26"]
[Round "1"]
[White "Pregun, Balint"]
[Black "Csati, Oliver"]
[Result "1-0"]
[WhiteElo "1883"]
[BlackElo "1620"]
[PlyCount "109"]
[EventDate "2010.06.26"]
[EventType "swiss"]
[EventRounds "9"]
[EventCountry "HUN"]
[SourceTitle "CBM 137 Extra"]
[Source "ChessBase"]
[SourceDate "2010.09.01"]
[SourceVersion "1"]
[SourceVersionDate "2010.09.01"]
[SourceQuality "1"]

1. e4 c5 2. Nf3 d6 3. d4 cxd4 4. Qxd4 a6 5. Bg5 Nd7 6. c4 Ngf6 7. Nc3 e6 8. Be2 Be7 9. 0-0 0-0 10. Rad1 b6 11. Qd2 Bb7 12. Bd3 Rc8 13. Rfe1 Qc7 14. Rc1 Nc5 15. b3 Rfd8 16. Bb1 h6 17. Bf4 Qc6 18. Nd4 Qe8 19. Nf3 Rd7 20. b4 e5 21. Bg3 Ne6 22. Nd5 Bxd5 23. cxd5 Nf8 24. Bd3 b5 25. Nh4 N6h7 26. Nf5 Ng6 27. a4 Bg5 28. Ne3 Rb7 29. Rxc8 Qxc8 30. Rc1 Qb8 31. Rc6 bxa4 32. Qc2 Nhf8 33. Rxa6 Rxb4 34. Rxa4 Rxa4 35. Qxa4 Qb2 36. Nf5 Qc3 37. Qc2 Qxc2 38. Bxc2 Be7 39. Nxe7+ Nxe7 40. f3 Nd7 41. Be1 Nc8 42. Ba4 Ndb6 43. Bc6 Kf8 44. Ba5 Ke7 45. Kf1 Kd8 46. Ke2 Kc7 47. Bb5 Kd8 48. Ba6 Ke7 49. Kd3 Kd7 50. Kc2 Na8 51. Bb5+ Ke7 52. Kb3 Ncb6 53. Bc6 g6 54. Kb4 f5 55. Kb5 1-0

[Event "Balatonalmadi Pannonia Cup 14th"]
[Site "Balatonalmadi"]
[Date "2009.07.29"]
[Round "1"]
[White "Laszlo, Imre"]
[Black "Pregun, Balint"]
[Result "0-1"]
[WhiteElo "2197"]
[BlackElo "1844"]
[PlyCount "84"]
[EventDate "2009.07.29"]
[EventType "swiss"]
[EventRounds "7"]
[EventCountry "HUN"]
[SourceTitle "EXT 2011"]
[Source "ChessBase"]
[SourceDate "2010.11.26"]
[SourceVersion "1"]
[SourceVersionDate "2010.11.26"]
[SourceQuality "1"]

1. e4 e5 2. Bc4 Nc6 3. Nc3 Nf6 4. d3 d6 5. Nge2 Be7 6. 0-0 0-0 7. f4 exf4 8. Bxf4 Be6 9. Nd5 Bxd5 10. exd5 Na5 11. b4 Nxc4 12. dxc4 Nd7 13. Qd3 Bf6 14. Rae1 Ne5 15. Qb3 Qe7 16. Ng3 Rfe8 17. Ne4 Nd7 18. Qh3 Be5 19. Ng5 h6 20. Bxe5 Qxg5 21. Bxg7 Rxe1 22. Rxe1 Qxg7 23. Qxd7 Qd4+ 24. Kh1 Qxc4 25. Qf5 Qxb4 26. Rf1 Rf8 27. h3 Qd2 28. Qe4 f5 29. Qe6+ Kg7 30. Rf3 Qg5 31. Qe1 Qf6 32. Re3 Kh7 33. Re6 Qg7 34. Qe3 Rf6 35. Re8 Rf8 36. Re6 Rf6 37. Re7 Rf7 38. Re8 Rf8 39. Rxf8 Qxf8 40. Qxa7 Qe8 41. Qa5 Qe7 42. Qc3 Kg8 0-1

[Event "HUN-chT2 Maroczy 0809"]
[Site "Hungary"]
[Date "2009.02.22"]
[Round "8"]
[White "Pregun, Balint"]
[Black "Csonka, Balazs"]
[Result "1/2-1/2"]
[WhiteElo "1585"]
[BlackElo "1975"]
[PlyCount "46"]
[EventDate "2008.10.26"]
[EventType "tourn"]
[EventRounds "11"]
[EventCountry "HUN"]
[SourceTitle "EXT 2010"]
[Source "ChessBase"]
[SourceDate "2010.11.25"]
[SourceVersion "1"]
[SourceVersionDate "2010.11.25"]
[SourceQuality "1"]
[WhiteTeam "MLTC II"]
[BlackTeam "Maroczy"]
[WhiteTeamCountry "HUN"]
[BlackTeamCountry "HUN"]

1. e4 e6 2. Nf3 d5 3. Nc3 Nf6 4. e5 Nfd7 5. d4 c5 6. dxc5 Bxc5 7. Bd3 Nc6 8. Bf4 h6 9. Qe2 Qb6 10. Rb1 a6 11. 0-0 Nd4 12. Nxd4 Bxd4 13. Nd1 Qc7 14. Re1 Nc5 15. c3 Nxd3 16. Qxd3 Bc5 17. Ne3 g5 18. Bg3 Bxe3 19. Qxe3 Bd7 20. f3 0-0-0 21. Bf2 Rdg8 22. Qc5 h5 23. Qxc7+ Kxc7 1/2-1/2